[Event "Open Semana Santa 2023"]
[Site "?"]
[Date "2023.04.06"]
[Round "2.174"]
[White "Martinez Manzanares, Alejandro"]
[Black "Palomo Fernandez, Lorenzo"]
[Result "1-0"]
[WhiteElo "1839"]
[BlackElo "1405"]
[PlyCount "59"]

1. d4 Nf6 2. c4 g6 3. Nc3 d6 4. e4 Bg7 5. f4 Nc6 6. Nf3 O-O 7. d5 Nb4 8. a3 Na6
9. Bd3 Nc5 10. Bc2 Re8 11. O-O e5 12. fxe5 dxe5 13. Bg5 h6 14. Bh4 g5 15. Bg3
Bg4 16. Qd2 Nh5 17. Be1 Nf4 18. h3 Bh5 19. b4 Nd7 20. Kh2 g4 21. Nh4 Qg5 22.
Nf5 gxh3 23. gxh3 Bg6 24. Bh4 Qg2+ 25. Qxg2 Nxg2 26. Kxg2 Bh5 27. Kh2 Kf8 28.
Nb5 Rec8 29. Rg1 Bg6 30. Ne7 1-0

[Event "Open Semana Santa 2023"]
[Site "?"]
[Date "2023.04.06"]
[Round "2.175"]
[White "Gonzalez Caceres, Lauren"]
[Black "Martino Girones, Gonzalo"]
[Result "0-1"]
[WhiteElo "1431"]
[BlackElo "1827"]
[PlyCount "138"]

1. e4 c5 2. Nc3 Nc6 3. g3 Nf6 4. Bg2 d6 5. d3 g6 6. f4 Bg7 7. Nf3 O-O 8. O-O e5
9. Ne2 b5 10. h3 Qb6 11. Kh1 Nd7 12. c3 b4 13. Bd2 a5 14. g4 Ba6 15. Qc2 exf4
16. Nxf4 Nde5 17. Nd5 Qd8 18. Nxe5 Nxe5 19. c4 h6 20. Be3 Bc8 21. Qd2 Kh7 22.
g5 h5 23. Nf6+ Kh8 24. Qe2 Be6 25. Rf4 Nd7 26. Raf1 Ra7 27. d4 cxd4 28. Bxd4
Rc7 29. b3 Nxf6 30. Bxf6 Bxf6 31. gxf6 Rc5 32. Qe3 Kh7 33. Rh4 a4 34. Qf4 Re5
35. Bf3 Qa5 36. Rg1 Ra8 37. Bg4 Bxg4 38. hxg4 axb3 39. axb3 Qc5 40. gxh5 Rxh5
41. Rxh5+ Qxh5+ 42. Qh2 Qxh2+ 43. Kxh2 Re8 44. Rg4 Re6 45. Rh4+ Kg8 46. Rf4 Kf8
47. Kg3 Ke8 48. Kf3 Kd7 49. Ke3 Re5 50. Kd4 Ke6 51. Rf3 Ra5 52. Rf2 Ra1 53. c5
dxc5+ 54. Kxc5 Ke5 55. Kxb4 Kxe4 56. Re2+ Kf5 57. Rf2+ Ke5 58. Kb5 Rb1 59. b4
g5 60. Kc5 g4 61. Rd2 Kxf6 62. b5 Kg5 63. b6 f5 64. Kc6 g3 65. Rc2 f4 66. Rc5+
Kg4 67. Rb5 Rxb5 68. Kxb5 g2 69. b7 g1=Q 0-1

[Event "Open Semana Santa 2023"]
[Site "?"]
[Date "2023.04.06"]
[Round "2.176"]
[White "Prochaieva, Alina"]
[Black "Harutian, Arthur William"]
[Result "1-0"]
[WhiteElo "1820"]
[BlackElo "1376"]
[PlyCount "67"]

1. d4 Nf6 2. Nf3 g6 3. c4 Bg7 4. Nc3 d5 5. g3 O-O 6. Bg2 c5 7. dxc5 Qa5 8. O-O
dxc4 9. Qd4 Nc6 10. Qxc4 Be6 11. Qh4 Qxc5 12. Be3 Qb4 13. Qxb4 Nxb4 14. Nd4 Bd5
15. Nxd5 Nfxd5 16. a3 Nxe3 17. fxe3 Bxd4 18. exd4 Nc2 19. Rac1 Nxd4 20. Kf2
Rac8 21. Bxb7 Rb8 22. Rc7 Rfd8 23. Rd1 Ne6 24. Rxd8+ Rxd8 25. Rc8 Kg7 26. Rxd8
Nxd8 27. Bf3 Kf6 28. Ke3 Ke5 29. b4 f5 30. a4 Ne6 31. b5 Nc5 32. a5 Nb3 33. b6
axb6 34. a6 1-0

[Event "Open Semana Santa 2023"]
[Site "?"]
[Date "2023.04.06"]
[Round "2.177"]
[White "Aracil Martinez, Arnau"]
[Black "Santamaria Baeza, Adolfo"]
[Result "0-1"]
[WhiteElo "1421"]
[BlackElo "1815"]
[PlyCount "158"]

1. e4 e5 2. Nf3 Nc6 3. Nc3 Bb4 4. Nd5 Nf6 5. Nxb4 Nxb4 6. c3 Nc6 7. d4 Nxe4 8.
d5 Ne7 9. Nxe5 O-O 10. Bd3 Nf6 11. c4 d6 12. Nf3 Ng6 13. h3 Re8+ 14. Be3 b5 15.
O-O bxc4 16. Bxc4 Nd7 17. Bg5 f6 18. Bd2 Nb6 19. Bb3 Bb7 20. Bc3 Ne7 21. Nd4
Bxd5 22. Ne6 Qc8 23. Qg4 Ng6 24. Rfe1 Bxb3 25. axb3 Kf7 26. Nd4 Qxg4 27. hxg4
Rxe1+ 28. Bxe1 Ne5 29. f3 a6 30. Bd2 g6 31. b4 Nec4 32. Bc3 Ne5 33. b5 axb5 34.
Rxa8 Nxa8 35. Nxb5 Ke6 36. Kf2 Kd5 37. Kg3 c5 38. f4 Nd7 39. Kf3 Nab6 40. Nc7+
Kc6 41. Ne8 Nd5 42. Be1 f5 43. gxf5 gxf5 44. Bh4 Nb4 45. Ng7 Nd3 46. Nxf5 Nxb2
47. Ne7+ Kb5 48. f5 c4 49. Nd5 Kc5 50. Ke4 Ne5 51. Bf2+ Kb5 52. Bd4 Nbd3 53.
Bxe5 Nxe5 54. f6 Kc5 55. g4 Nf7 56. Nc3 Ng5+ 57. Kf5 Nf7 58. Ke6 Nh8 59. f7 Ng6
60. Kf6 Ne5 61. f8=Q Nd7+ 62. Ke7 Nxf8 63. Kxf8 d5 64. g5 d4 65. Ne4+ Kb4 66.
Nf6 c3 67. Nxh7 c2 68. g6 c1=Q 69. g7 Qh6 70. Kg8 d3 71. Kh8 Qxg7+ 72. Kxg7 d2
73. Nf6 d1=Q 74. Kf7 Kc4 75. Kg7 Kd4 76. Kf7 Ke5 77. Kg7 Kf5 78. Ng8 Qd7+ 79.
Kh8 Kg6 0-1

[Event "Open Semana Santa 2023"]
[Site "?"]
[Date "2023.04.06"]
[Round "2.178"]
[White "Lopez Herrero, Israel"]
[Black "Hidalgo Mena, Manel"]
[Result "1-0"]
[WhiteElo "1814"]
[BlackElo "1362"]
[PlyCount "29"]

1. e4 c5 2. Nf3 e6 3. d4 d5 4. exd5 exd5 5. Bb5+ Bd7 6. Bxd7+ Nxd7 7. O-O Ngf6
8. Nc3 Be7 9. Be3 b6 10. Qd2 Ne4 11. Nxe4 dxe4 12. Ng5 cxd4 13. Qxd4 Bxg5 14.
Bxg5 Qxg5 15. Qxe4+ 1-0

[Event "Open Semana Santa 2023"]
[Site "?"]
[Date "2023.04.06"]
[Round "2.179"]
[White "Lacamara Pasamar, Miguel"]
[Black "Melero Fernandez, Jose M"]
[Result "1-0"]
[WhiteElo "1807"]
[BlackElo "1356"]
[PlyCount "79"]

1. e4 c5 2. Nf3 d6 3. d4 cxd4 4. Nxd4 Nf6 5. Nc3 g6 6. Bc4 Bg7 7. Bb3 a6 8. f3
Nbd7 9. Be3 b5 10. a4 b4 11. Nd5 Bb7 12. Nxb4 Rc8 13. O-O Ne5 14. Qe2 a5 15.
Qb5+ Qd7 16. Nd3 Nc6 17. Nxc6 Bxc6 18. Qxa5 O-O 19. Qd2 Rfe8 20. Nb4 Bb7 21.
Rfd1 Nxe4 22. fxe4 Bxb2 23. Rab1 Bc3 24. Qf2 e6 25. Nd3 Bxe4 26. Nc5 Rxc5 27.
Bxc5 d5 28. Bd4 Bb4 29. Qf6 e5 30. Bxe5 Bc5+ 31. Bd4 Bxd4+ 32. Qxd4 Qg4 33. Qf2
h5 34. Qg3 Qe6 35. Re1 Qc6 36. Rbd1 Rc8 37. Qf2 Rc7 38. Qd4 f5 39. Bxd5+ Bxd5
40. Qxd5+ 1-0

[Event "Open Semana Santa 2023"]
[Site "?"]
[Date "2023.04.06"]
[Round "2.180"]
[White "Garcia Fuentes, Jorge"]
[Black "Gomar Juan, Miguel"]
[Result "0-1"]
[WhiteElo "1412"]
[BlackElo "1807"]
[PlyCount "136"]

1. e4 e5 2. Nf3 Nc6 3. Bc4 Nf6 4. d3 Be7 5. c3 O-O 6. Bb3 d6 7. Nbd2 Na5 8. Bc2
c5 9. Qe2 Nc6 10. O-O Bd7 11. h3 b5 12. Re1 b4 13. Nf1 Qc7 14. Ng3 bxc3 15.
bxc3 d5 16. Bb3 d4 17. c4 a5 18. Ba4 Rab8 19. Bxc6 Bxc6 20. Ba3 Nd7 21. Nf5 Bf6
22. Nh2 g6 23. Nh6+ Kh8 24. N6g4 Bg7 25. f3 h5 26. Nf2 Bh6 27. Bc1 Bxc1 28.
Raxc1 Rb6 29. Qd2 Ra8 30. Qh6+ Kg8 31. g4 Nf6 32. gxh5 Nxh5 33. Kh1 Qe7 34. Rg1
Qh4 35. Nhg4 Bd7 36. Kh2 Bxg4 37. Nxg4 Rb2+ 38. Rg2 Rxg2+ 39. Kxg2 Qg3+ 40. Kf1
Qxf3+ 41. Kg1 Qg3+ 42. Kh1 Qxh3+ 43. Kg1 Qxg4+ 44. Kf2 Qf4+ 45. Qxf4 Nxf4 46.
Rb1 Nxd3+ 47. Ke2 Nf4+ 48. Kd2 a4 49. Rb7 a3 50. Rb5 Ne6 51. Kc2 Ra4 52. Kb3
Ra8 53. Kc2 g5 54. Kd2 Ra4 55. Rb3 g4 56. Rg3 Rxc4 57. Rxg4+ Kf8 58. Rg3 Rc3
59. Rxc3 dxc3+ 60. Kxc3 Ke7 61. Kb3 Ng5 62. Kxa3 Nxe4 63. Kb3 Kd6 64. Kc4 Kc6
65. a4 Nd6+ 66. Kc3 f5 67. Kd3 c4+ 68. Ke3 Kc5 0-1

[Event "Open Semana Santa 2023"]
[Site "?"]
[Date "2023.04.06"]
[Round "2.181"]
[White "Lacomba Piqueras, Andres"]
[Black "Santos Anton, Armando"]
[Result "1-0"]
[WhiteElo "1807"]
[BlackElo "1353"]
[PlyCount "93"]
[EventDate "2023.??.??"]

1. Nf3 e6 2. g3 c5 3. Bg2 d5 4. d4 cxd4 5. Nxd4 Bc5 6. O-O Ne7 7. c4 O-O 8.
cxd5 Nxd5 9. e4 Ne7 10. Nb3 Bb6 11. Nc3 Nbc6 12. Qe2 e5 13. Rd1 Nd4 14. Nxd4
exd4 15. Na4 Be6 16. b3 Nc6 17. Bb2 Rc8 18. Qb5 Rc7 19. Nxb6 axb6 20. Qxb6 Rd7
21. Qb5 Qc7 22. Rac1 Rfd8 23. h3 h6 24. f4 f6 25. Bf1 Qb8 26. Qa4 d3 27. Rd2
Rd4 28. Bxd4 Rxd4 29. Qb5 Qa7 30. Qc5 Qxc5 31. Rxc5 Rxe4 32. Bxd3 Re1+ 33. Kf2
Rh1 34. f5 Bd7 35. Bc4+ Kh7 36. Rxd7 Rxh3 37. Kg2 Rh5 38. Rxb7 Ne5 39. Rcc7 Rg5
40. a4 h5 41. Kh3 Nf3 42. a5 Rg4 43. a6 Ng5+ 44. Kh2 Nf3+ 45. Kg2 Nh4+ 46. Kf2
Nxf5 47. Bd3 1-0

[Event "Open Semana Santa 2023"]
[Site "?"]
[Date "2023.04.06"]
[Round "2.182"]
[White "Garcia Solbes, Juan Felipe"]
[Black "Schafer, Guillermo"]
[Result "0-1"]
[WhiteElo "1365"]
[BlackElo "1802"]
[PlyCount "96"]

1. e4 e6 2. d4 d5 3. exd5 exd5 4. Nf3 Bd6 5. c4 Nf6 6. Nc3 O-O 7. Be2 dxc4 8.
Bxc4 Re8+ 9. Be3 Bg4 10. O-O Nbd7 11. h3 Bh5 12. Be2 Nb6 13. Re1 Nbd5 14. Bg5
h6 15. Bh4 g5 16. Bg3 Nf4 17. Bxf4 Bxf4 18. Qa4 c6 19. Rad1 Qb6 20. b3 Rad8 21.
Qc4 Bb8 22. Ne5 Bxe5 23. Bxh5 Nxh5 24. Rxe5 Rxe5 25. dxe5 Rxd1+ 26. Nxd1 Qa5
27. Qe2 Nf4 28. Qe3 Qxa2 29. Kh2 Qc2 30. g3 Ne6 31. Qf3 Nd4 32. Qg4 c5 33. b4
b6 34. bxc5 bxc5 35. h4 Qe2 36. Qxe2 Nxe2 37. hxg5 hxg5 38. Ne3 a5 39. Nc4 a4
40. Kg2 Kf8 41. Kf1 Nd4 42. Na3 Ke7 43. f4 Ke6 44. Kf2 gxf4 45. gxf4 Kd5 46.
Ke3 c4 47. Nb1 Nb5 48. Kd2 a3 0-1

[Event "Open Semana Santa 2023"]
[Site "?"]
[Date "2023.04.06"]
[Round "2.183"]
[White "Hernandez Gonzalez, Manuel"]
[Black "Taquet, Eric"]
[Result "1-0"]
[WhiteElo "1800"]
[BlackElo "1344"]
[PlyCount "121"]

1. e4 e5 2. Nf3 Nc6 3. Bc4 f5 4. d4 fxe4 5. Nxe5 d5 6. Bb5 Qd6 7. Bxc6+ bxc6 8.
Qh5+ g6 9. Qe2 Bg7 10. Bf4 Qe6 11. Nd2 Nf6 12. h3 O-O 13. Nb3 Nd7 14. Nxd7 Rxf4
15. Ndc5 Qf7 16. Rf1 Qe7 17. O-O-O Qg5 18. Kb1 Qxg2 19. Qd2 Rf3 20. Qa5 Bxh3
21. Qxc7 Raf8 22. Qxc6 Rxf2 23. Qxd5+ Kh8 24. Rxf2 Qxf2 25. Nxe4 Qe2 26. Nc3
Qe3 27. Qe4 Qf2 28. Qe1 Qg2 29. Qh1 Qxh1 30. Rxh1 Rf1+ 31. Rxf1 Bxf1 32. d5 Be5
33. Ne4 Bg2 34. Nbd2 h5 35. d6 h4 36. d7 Bc7 37. Ng5 h3 38. Ndf3 Bxf3 39. Nxf3
Kg7 40. Kc1 Kf7 41. Ng5+ Ke7 42. Nxh3 Kxd7 43. Kd2 Be5 44. b3 Kd6 45. Kd3 Bf6
46. Nf2 Be5 47. c4 Ke6 48. Ke4 Bg3 49. Ng4 g5 50. b4 a6 51. b5 axb5 52. cxb5
Bc7 53. a4 Ba5 54. Ne3 Bc7 55. Nc4 g4 56. b6 Bb8 57. a5 g3 58. Kf3 Kd5 59. a6
Kxc4 60. a7 Bf4 61. a8=Q 1-0

[Event "Open Semana Santa 2023"]
[Site "?"]
[Date "2023.04.06"]
[Round "2.184"]
[White "Viudes Serra, Aaron"]
[Black "Anton Ortiz, Javier"]
[Result "1-0"]
[WhiteElo "1787"]
[BlackElo "1332"]
[Annotator "Usuario"]
[PlyCount "117"]
[EventDate "2023.??.??"]

1. c4 e5 2. Nc3 Nf6 3. g3 c6 4. d4 exd4 5. Qxd4 Be7 6. Bg2 d6 7. Nf3 Be6 8. O-O
h6 9. Rd1 Qc8 10. Bf4 O-O 11. e4 Rd8 12. Rac1 Na6 13. Nd2 Nc7 14. Qd3 Nh5 15.
Be3 Nf6 16. f3 d5 17. cxd5 cxd5 18. Nb5 dxe4 19. Qf1 exf3 20. Rxc7 fxg2 21. Qe1
Qb8 22. Rxe7 Nd5 $11 23. Bf4 Nxf4 24. gxf4 Qxf4 25. Nc7 Rac8 26. Nxe6 fxe6 27.
Qxe6+ Kh8 28. Qg6 Qf6 29. Qxf6 gxf6 30. Ree1 Rc2 31. Ne4 Rxd1 32. Rxd1 Rxb2 33.
Rd2 Rxd2 $11 34. Nxd2 Kg7 35. Nc4 Kf8 36. Nd6 b6 37. Nc8 Ke8 38. Nxa7 Kd7 39.
Kxg2 Kc7 40. Kf3 Kb7 41. Nb5 Kc6 42. Nd4+ Kd5 43. Nf5 Kc4 44. Nxh6 Kb4 45. Nf5
Ka3 46. h4 Kxa2 47. Nd4 Ka3 48. h5 Kb4 49. h6 Kc4 50. Ke3 b5 51. h7 b4 52. h8=Q
b3 53. Qg8+ Kb4 54. Qxb3+ Kc5 55. Qb5+ Kd6 56. Qc6+ Ke7 57. Qe6+ Kd8 58. Ke4
f5+ 59. Kd5 1-0

[Event "Open Semana Santa 2023"]
[Site "?"]
[Date "2023.04.06"]
[Round "2.186"]
[White "Cerdo Fernandez, Miguel"]
[Black "Guzman Fuentes, Encarna"]
[Result "1-0"]
[WhiteElo "1783"]
[BlackElo "1311"]
[PlyCount "47"]

1. e4 e5 2. Nf3 Nc6 3. Bb5 a6 4. Ba4 Nf6 5. O-O b5 6. Bb3 d6 7. Ng5 d5 8. exd5
Nxd5 9. Qf3 Be6 10. Nxe6 fxe6 11. Nc3 Nce7 12. d3 c6 13. Bg5 Qd7 14. Ne4 Nf5
15. c4 Nde7 16. cxb5 axb5 17. Nc5 Qd6 18. Nxe6 Nd5 19. Qxf5 g6 20. Qh3 h6 21.
Nxf8 Rxf8 22. Qe6+ Ne7 23. Bxe7 Qxe7 24. Qxc6+ 1-0

[Event "Open Semana Santa 2023"]
[Site "?"]
[Date "2023.04.06"]
[Round "2.187"]
[White "Saez Pascual, Javier"]
[Black "Garcia Almeida, Aitana Maria"]
[Result "1-0"]
[WhiteElo "1359"]
[BlackElo "1783"]
[PlyCount "87"]

1. d4 g6 2. Nf3 Bg7 3. Bf4 d6 4. e3 Nf6 5. h3 O-O 6. Be2 c6 7. c4 b5 8. O-O a6
9. Nc3 b4 10. Na4 Nbd7 11. Qb3 Qa5 12. Rfc1 c5 13. dxc5 Nxc5 14. Nxc5 Qxc5 15.
Qc2 Bf5 16. Bd3 Bxd3 17. Qxd3 Nh5 18. Rc2 Nxf4 19. exf4 e5 20. fxe5 dxe5 21.
Rd1 Rad8 22. Qxd8 Rxd8 23. Rxd8+ Bf8 24. Rd5 Qc7 25. Nxe5 Bd6 26. Nd3 Qc6 27.
b3 Kg7 28. Rd4 a5 29. c5 Be7 30. Rdc4 Bf6 31. Nc1 Be5 32. Nd3 Bc7 33. Rd4 Qf6
34. Rcc4 Qc6 35. f4 f6 36. Ne1 Kf7 37. Nf3 Qe6 38. Re4 Qd5 39. Red4 Qe6 40. c6
Bb6 41. c7 Bxd4+ 42. Nxd4 Qe1+ 43. Kh2 Qe3 44. Nb5 1-0

[Event "Open Semana Santa 2023"]
[Site "?"]
[Date "2023.04.06"]
[Round "2.188"]
[White "Najarro Garcia, Jose Maria"]
[Black "De La Hoz Mulet, Miguel"]
[Result "1-0"]
[WhiteElo "1778"]
[BlackElo "1311"]
[PlyCount "91"]

1. e4 e6 2. d4 d5 3. Nc3 c5 4. Nf3 Nf6 5. e5 Nfd7 6. Be3 cxd4 7. Bxd4 Nc6 8.
Qd2 Nxd4 9. Qxd4 Be7 10. O-O-O O-O 11. Bd3 f6 12. Rhe1 fxe5 13. Nxe5 Bg5+ 14.
Kb1 Nxe5 15. Qxe5 Qf6 16. Qg3 Bh6 17. f3 g6 18. h4 Bf4 19. Qf2 Be5 20. Qd2 Bxc3
21. bxc3 Bd7 22. h5 Kg7 23. Rh1 g5 24. h6+ Kg8 25. Rh5 Rf7 26. Qxg5+ Qxg5 27.
Rxg5+ Kf8 28. Rh1 Rc8 29. Kb2 a6 30. Rg7 Bb5 31. Rxh7 Rxh7 32. Bxh7 Ke7 33. Bg6
Rh8 34. h7 Kf6 35. Bd3 Bc4 36. Rh6+ Ke5 37. g3 Bxd3 38. cxd3 Kf5 39. d4 Kg5 40.
Rh4 Kg6 41. Kb3 Rxh7 42. Rxh7 Kxh7 43. f4 Kg6 44. g4 Kf6 45. Kb4 b6 46. a4 1-0

[Event "Open Semana Santa 2023"]
[Site "?"]
[Date "2023.04.06"]
[Round "2.189"]
[White "Garcia Castany, Jose"]
[Black "Srivatsan Karthikeyan"]
[Result "0-1"]
[WhiteElo "1354"]
[BlackElo "1777"]
[PlyCount "66"]

1. d4 Nf6 2. Nf3 e6 3. e3 d5 4. Bd3 Bd6 5. O-O Nbd7 6. b3 O-O 7. Bb2 b6 8. c4
Bb7 9. Nc3 Ne4 10. cxd5 exd5 11. Qc2 f5 12. Ne2 c5 13. Ne5 Rc8 14. Qd1 Qc7 15.
f4 Ndf6 16. Rc1 Qe7 17. dxc5 bxc5 18. Qe1 Bxe5 19. Bxe5 Ng4 20. Ng3 Nxe5 21.
fxe5 Qxe5 22. Nxe4 fxe4 23. Be2 Rxf1+ 24. Bxf1 d4 25. exd4 cxd4 26. Bc4+ Kh8
27. Qf2 h6 28. Qf7 Bd5 29. Qd7 Rc7 30. Qd8+ Kh7 31. Rd1 Bxc4 32. bxc4 Rxc4 33.
h3 d3 0-1

[Event "Open Semana Santa 2023"]
[Site "?"]
[Date "2023.04.06"]
[Round "2.190"]
[White "Verbytski, Oleg"]
[Black "Petrashko, Vladyslav"]
[Result "1-0"]
[WhiteElo "1774"]
[BlackElo "1290"]
[PlyCount "83"]

1. e4 e5 2. Nf3 Nc6 3. Bc4 Nf6 4. d3 Be7 5. c3 d6 6. h3 Be6 7. Nbd2 d5 8. exd5
Nxd5 9. Ne4 f5 10. Ng3 O-O 11. O-O Qd7 12. Re1 Bd6 13. a3 Nb6 14. Bxe6+ Qxe6
15. b4 Rad8 16. Ng5 Qg6 17. Qb3+ Kh8 18. Ne6 f4 19. Ne4 f3 20. g3 Qh5 21. Kh2
Be7 22. Nxf8 Bxf8 23. Be3 Nd5 24. Rad1 Nxe3 25. Rxe3 g5 26. Qe6 Be7 27. Qg4 Qh6
28. Rxf3 Qg7 29. Qh5 Qg8 30. Qf7 Qxf7 31. Rxf7 Bd6 32. Nxd6 Rxd6 33. Rxc7 e4
34. d4 Ne5 35. Kg2 Nf3 36. Rxb7 Rc6 37. d5 Rxc3 38. d6 Ne5 39. d7 Nxd7 40.
Rdxd7 Rc8 41. Rxh7+ Kg8 42. Rbg7+ 1-0

[Event "Open Semana Santa 2023"]
[Site "?"]
[Date "2023.04.06"]
[Round "2.191"]
[White "Gonzalez Bolado, David"]
[Black "Soler Ollero, Guillermo"]
[Result "0-1"]
[WhiteElo "1344"]
[BlackElo "1770"]
[PlyCount "82"]

1. e4 Nf6 2. e5 Nd5 3. d4 d6 4. Nf3 dxe5 5. Nxe5 c6 6. a3 Bf5 7. Bd3 Bxd3 8.
Qxd3 e6 9. Qf3 Nf6 10. Be3 Nbd7 11. O-O Bd6 12. Rd1 O-O 13. c4 Bxe5 14. dxe5
Nxe5 15. Rxd8 Nxf3+ 16. gxf3 Rfxd8 17. Nc3 Nd7 18. f4 e5 19. Kg2 exf4 20. Bxf4
Nc5 21. b4 Ne6 22. Be3 f5 23. b5 f4 24. Bc1 Rd4 25. Ne2 Rxc4 26. bxc6 Rxc6 27.
Nxf4 Rxc1 28. Rxc1 Nxf4+ 29. Kf3 Ne6 30. Rd1 Rd8 31. Re1 Kf7 32. a4 b6 33. Kg3
Rd4 34. Ra1 Nc5 35. a5 Ra4 36. Rxa4 Nxa4 37. axb6 axb6 38. Kf3 b5 39. Ke2 b4
40. Kd2 b3 41. Kc1 Kf6 0-1

[Event "Open Semana Santa 2023"]
[Site "?"]
[Date "2023.04.06"]
[Round "2.192"]
[White "Garrido Silos, Pablo"]
[Black "Garcia Perez, Sergio"]
[Result "1-0"]
[WhiteElo "1769"]
[BlackElo "1288"]
[PlyCount "125"]

1. c4 Nf6 2. Nc3 g6 3. g3 Bg7 4. Bg2 O-O 5. e3 c5 6. Nge2 d6 7. O-O Qc7 8. d3
a6 9. b3 Nc6 10. Bb2 Rb8 11. Qd2 b5 12. Rac1 Qb6 13. Nf4 e6 14. Ne4 Nxe4 15.
dxe4 Ne7 16. Bxg7 Kxg7 17. Rfd1 Rd8 18. e5 Bb7 19. exd6 Nf5 20. Qc3+ Kg8 21.
cxb5 Bxg2 22. Nxg2 Rxd6 23. Rxd6 Qxd6 24. Qxc5 Qxc5 25. Rxc5 Rxb5 26. Rxb5 axb5
27. a4 bxa4 28. bxa4 Nd6 29. Nf4 Kf8 30. Kf1 Ke8 31. Nd3 Kd7 32. Nb2 Kc6 33. f3
Kc5 34. Nd3+ Kc4 35. Ke2 f6 36. a5 Kb5 37. a6 Nc8 38. Nf4 e5 39. Nd5 f5 40. Ne7
Na7 41. Kd3 Kxa6 42. Kc4 f4 43. gxf4 exf4 44. exf4 Kb6 45. Nd5+ Kc6 46. Nf6 h6
47. Ng4 h5 48. Ne5+ Kd6 49. Nxg6 Ke6 50. Nh4 Nc8 51. Kd4 Nd6 52. Ke3 Kf6 53. h3
Ke6 54. f5+ Nxf5+ 55. Nxf5 Kxf5 56. f4 Kf6 57. Ke4 Ke6 58. f5+ Kf6 59. Kf4 h4
60. Kg4 Ke5 61. Kg5 Ke4 62. f6 Kf3 63. Kxh4 1-0

[Event "Open Semana Santa 2023"]
[Site "?"]
[Date "2023.04.06"]
[Round "2.193"]
[White "Perea Fruet, Federico"]
[Black "Fenoll Molina, Cesar"]
[Result "1-0"]
[WhiteElo "1766"]
[BlackElo "1279"]
[PlyCount "27"]

1. e4 e6 2. Qe2 Nc6 3. Nf3 Bb4 4. c3 Ba5 5. d4 f6 6. Nbd2 Bb6 7. g3 Nge7 8. Bg2
d5 9. O-O Qd6 10. Nb3 dxe4 11. Qxe4 Qd5 12. Qe2 Bd7 13. Ne5 Qd6 14. Nxc6 1-0

[Event "Open Semana Santa 2023"]
[Site "?"]
[Date "2023.04.06"]
[Round "2.194"]
[White "Diez Machin, Vicente"]
[Black "Ortega Moya, Juan Francisco"]
[Result "1-0"]
[WhiteElo "1761"]
[BlackElo "1271"]
[PlyCount "75"]

1. e4 c5 2. Nf3 d6 3. d4 cxd4 4. Nxd4 Nf6 5. Nc3 a6 6. f3 e5 7. Nb3 Nc6 8. Be3
b5 9. Qd2 Bb7 10. O-O-O Rc8 11. Kb1 Be7 12. g4 O-O 13. h4 Na5 14. Nxa5 Qxa5 15.
Nd5 Qxd2 16. Nxe7+ Kh8 17. Rxd2 Rc7 18. Nd5 Nxd5 19. exd5 Re7 20. Bg2 Rfe8 21.
b3 Rc8 22. Bb6 f6 23. Re1 Rce8 24. Ba5 Bc8 25. Bb4 Rd8 26. Bf1 f5 27. gxf5 Bxf5
28. Bd3 g6 29. Bxf5 gxf5 30. Rg2 Rg7 31. Reg1 Rxg2 32. Rxg2 h6 33. Rg6 Kh7 34.
Rxd6 Rxd6 35. Bxd6 e4 36. fxe4 fxe4 37. Bf4 Kg6 38. d6 1-0

[Event "Open Semana Santa 2023"]
[Site "?"]
[Date "2023.04.06"]
[Round "2.195"]
[White "Sharma Siri"]
[Black "Sivanandan, Bodhana"]
[Result "0-1"]
[WhiteElo "1336"]
[BlackElo "1746"]
[PlyCount "78"]

1. e4 c6 2. Bc4 d5 3. Bb3 dxe4 4. Qh5 g6 5. Qh4 Nf6 6. Nc3 Bg7 7. Nxe4 Nxe4 8.
Qxe4 O-O 9. Nf3 Nd7 10. O-O Nc5 11. Qh4 Bf5 12. d3 a5 13. Bh6 a4 14. Bc4 b5 15.
d4 Nd7 16. Be2 e6 17. Ng5 f6 18. g4 Bxh6 19. Qxh6 fxg5 20. gxf5 exf5 21. Bf3
Qf6 22. Rfe1 Rae8 23. c3 g4 24. Bg2 f4 25. f3 gxf3 26. Bxf3 b4 27. Qh3 Nb6 28.
Qf1 Re3 29. Rac1 bxc3 30. Rxc3 Qxd4 31. Kh1 c5 32. Rexe3 fxe3 33. Qe2 Re8 34.
Qb5 Re6 35. Rd3 Qb4 36. Rd8+ Kg7 37. Qe2 Qc4 38. Rd3 Re7 39. Rxe3 Qc1+ 0-1

[Event "Open Semana Santa 2023"]
[Site "?"]
[Date "2023.04.06"]
[Round "2.196"]
[White "Del Valle Domenech, Trinidad"]
[Black "Olivares Romero, Sara"]
[Result "1/2-1/2"]
[WhiteElo "1311"]
[BlackElo "1743"]
[Annotator "Usuario"]
[PlyCount "47"]

1. e4 c5 2. Nf3 d6 3. Nc3 g6 4. d4 cxd4 5. Nxd4 Bg7 6. Nf3 Nc6 7. Bc4 Nf6 8.
O-O O-O 9. Re1 Bd7 10. a3 Rc8 11. Ba2 a6 12. Rb1 b5 13. Nd5 Bg4 14. Qd3 Bxf3
15. Qxf3 Nd4 16. Qd3 Nxd5 17. exd5 Nxc2 18. Re4 Rc5 19. Be3 Nxe3 20. Qxe3 Bf6
21. h4 h5 22. g4 hxg4 23. Rxg4 Qd7 24. Qh3 $11 1/2-1/2

[Event "Open Semana Santa 2023"]
[Site "?"]
[Date "2023.04.06"]
[Round "2.197"]
[White "Rubial Blanco, Heriberto"]
[Black "Mulet Salva, Jeroni"]
[Result "1-0"]
[WhiteElo "1740"]
[BlackElo "1263"]
[PlyCount "103"]

1. e4 e5 2. Nf3 Nc6 3. Nc3 Bc5 4. Nxe5 Bxf2+ 5. Kxf2 Nxe5 6. d4 Nc6 7. Be3 Nf6
8. e5 Ng8 9. Bc4 Nge7 10. Rf1 Nf5 11. Kg1 d6 12. Qf3 O-O 13. g4 Ncxd4 14. Bxd4
Nxd4 15. Bxf7+ Kh8 16. Qe4 dxe5 17. h3 Qe7 18. Nd5 Qd7 19. c3 Nc2 20. Rad1 Rxf7
21. Qxc2 Qe8 22. Rxf7 Qxf7 23. Rf1 Qxd5 24. Rf8+ Qg8 25. Rxg8+ Kxg8 26. Qe4 c6
27. Qxe5 Kf7 28. Qc7+ Kf6 29. Qd8+ Kf7 30. Kf2 b6 31. Qc7+ Kf8 32. Qxc6 Bb7 33.
Qxb7 Rd8 34. c4 Ke8 35. Qxg7 Rd7 36. Qg8+ Ke7 37. Qxh7+ Ke6 38. Qf5+ Ke7 39. g5
Ke8 40. g6 a5 41. Qxd7+ Kxd7 42. g7 Kc6 43. g8=Q b5 44. cxb5+ Kxb5 45. Ke3 Kc6
46. Kd4 a4 47. Qd5+ Kc7 48. Kc5 a3 49. bxa3 Kb8 50. Qf7 Kc8 51. h4 Kb8 52. h5
1-0

[Event "Open Semana Santa 2023"]
[Site "?"]
[Date "2023.04.06"]
[Round "2.198"]
[White "Jaglinski, Aleksander"]
[Black "Bartolome Benito, Alejandro"]
[Result "1/2-1/2"]
[WhiteElo "1301"]
[BlackElo "1739"]
[PlyCount "70"]

1. e4 c5 2. Nf3 Nc6 3. d4 cxd4 4. Nxd4 g6 5. Nc3 Bg7 6. Nb3 Nf6 7. Bc4 O-O 8.
O-O d6 9. Re1 Be6 10. Bf1 d5 11. exd5 Nxd5 12. Nxd5 Bxd5 13. c3 Re8 14. Be3 e5
15. Qc2 Qc7 16. Rad1 Rad8 17. Rd2 f5 18. Bg5 Be4 19. Qd1 Ne7 20. f3 Bc6 21. Kh1
h6 22. Bh4 Kh8 23. h3 b6 24. Ree2 g5 25. Bg3 f4 26. Bf2 Bf6 27. Re1 Nf5 28. Bd3
Ne7 29. Bc2 Kg7 30. Ree2 Kh8 31. Re1 Kg7 32. Ree2 Rd5 33. Rxd5 Bxd5 34. Be4 Rd8
35. Rd2 Qc4 1/2-1/2

[Event "Open Semana Santa 2023"]
[Site "?"]
[Date "2023.04.06"]
[Round "2.199"]
[White "Zotes Flecha, Luis"]
[Black "Ainsa Garus, Carlos"]
[Result "1-0"]
[WhiteElo "1737"]
[BlackElo "1247"]
[PlyCount "62"]

1. c4 Nf6 2. Nc3 e6 3. e4 Nc6 4. d3 a6 5. f4 d6 6. Nf3 b5 7. cxb5 axb5 8. Nxb5
Ba6 9. Nc3 Be7 10. Be2 O-O 11. O-O Re8 12. h3 Bf8 13. Bd2 Ne7 14. d4 Bxe2 15.
Qxe2 c6 16. Kh2 Qc7 17. g4 Kh8 18. g5 Nh5 19. Nh4 g6 20. e5 Rad8 21. Ne4 Nd5
22. a3 Qb6 23. exd6 Qxb2 24. Qc4 Ne3 25. Qxc6 Nxf1+ 26. Rxf1 Bxd6 27. Ng2 Qxd4
28. Bc3 Rc8 29. Bxd4+ e5 30. Qxd6 exd4 31. Qxd4+ Kg8 1-0

[Event "Open Semana Santa 2023"]
[Site "?"]
[Date "2023.04.06"]
[Round "2.200"]
[White "Corpa Rios, Flavio"]
[Black "Alvarez Poves, Jesus"]
[Result "0-1"]
[WhiteElo "1289"]
[BlackElo "1735"]
[PlyCount "66"]

1. e4 d6 2. d4 Nf6 3. Nc3 g6 4. Be3 a6 5. Qd2 b5 6. a3 Bb7 7. f3 Nbd7 8. Bd3 c5
9. dxc5 Nxc5 10. Nge2 Rc8 11. b4 Nxd3+ 12. cxd3 Bg7 13. Bh6 O-O 14. h4 Bxh6 15.
Qxh6 e6 16. g4 Nd7 17. g5 Ne5 18. h5 Qe7 19. Kf2 Nxd3+ 20. Ke3 Ne5 21. hxg6
fxg6 22. Nd4 Rxc3+ 23. Kd2 Rd3+ 24. Ke2 Rxd4 25. Raf1 d5 26. Ke3 Rd3+ 27. Ke2
Rdxf3 28. Rxf3 Rxf3 29. Rf1 Rxf1 30. Kxf1 Qf8+ 31. Qxf8+ Kxf8 32. exd5 exd5 33.
Kf2 Nc4 0-1